| 000 | 00848nam a22003135i 4500 | ||
|---|---|---|---|
| 001 | 20857501 | ||
| 003 | NUST | ||
| 005 | 20220301113913.0 | ||
| 008 | 190215s2019 nyu 000 0 eng | ||
| 010 | _a 2019934475 | ||
| 020 | _a9780198795827 | ||
| 038 | _awaseem | ||
| 040 |
_aDLC _beng _erda _cDLC |
||
| 042 | _apcc | ||
| 082 |
_a346.42059 _bPEN |
||
| 100 | 1 |
_aPenner, James Ernest. _989974 |
|
| 245 | 1 | 4 |
_aThe law of trusts / _cJames Ernest Penner. |
| 250 | _a11th edition. | ||
| 263 | _a1904 | ||
| 264 | 1 |
_aUnited Kingdom : _bOxford University Press, _c2019. |
|
| 300 |
_a477p. ; _c24 cm. |
||
| 336 |
_atext _btxt _2rdacontent |
||
| 337 |
_aunmediated _bn _2rdamedia |
||
| 338 |
_avolume _bnc _2rdacarrier |
||
| 563 | _aPBK. | ||
| 906 |
_a0 _bibc _corignew _d2 _eepcn _f20 _gy-gencatlg |
||
| 942 |
_2ddc _cBK |
||
| 999 |
_c588435 _d588435 |
||